000 01064nam a2200253 a 4500
001 BRCA_8495
005 20190320210316.0
008 030516s2014----mx-a######---#000-0#spa-#
041 _aspaengfre
044 _amx
050 4 _aNC1807.M4
_b.B54 13 2014
245 1 0 _a13a [i.e. Décimo Tercera] Bienal Internacional del Cartel en México.
260 _aMéxico
_bBienal Internacional del Cartel en México
_c2014
300 _a188 p.
_bil. a color
_c33 cm.
500 _aInvitado de honor: Québec
500 _aEdición In Memoriam: Martha Covaburrias Newton/ Víctor Sandoval
500 _aCatálogo de la exposición realizada en el Museo Franz Mayer (Ciudad de México), 27 octubre, 2014 - 18 enero, 2015
546 _aTexto en : español, inglés y francés
650 1 4 _aCarteles
_vConcursos
_xDiseño
_zMéxico
_921292
650 1 4 _aDiseñadores gráficos
_vExposiciones
_zMéxico
_921293
740 0 _aThirteenth International Biennial of the Poster in Mexico
740 0 _aTreizième Biennale Internationale de L´Affiche au Mexique
942 _2lcc
_cB
999 _c8162
_d8162